000 00533nas a2200217 i 4500
001 1660
003 ES-MaACL
005 20250729062612.0
007 t|
008 950801c1950 gw | | 1 ||er d
080 _a430
245 0 0 _aPolitische Studien.
260 _aMünchen :
_bGünter Olzog,
_c1950-
300 _a9 v. ;
_c23 cm.
310 _aBimestral
362 0 _aAño I (1950)-
650 7 _aPolítica
_2embne
_9140345
852 _aES-MaACL
_jHEM-H-303
_xhem-1490
_d
866 0 _o1975-83.
999 _c1660
_d1660